Statistiques concernant Tous les circuits de Mario Kart Wii + Mario Kart 8

Cliquez ici pour prendre le quiz!

Statistiques générales

  • Ce quiz a été pris 51 fois
  • Le résultat moyen est 32 sur 64

Statistiques - réponses

JeuCoupeRéponse% Correct
MK8Carapace GBACircuit Mario
97%
MK WiiFleurCircuit Mario
97%
MK8FleurCircuit Mario
97%
MK WiiFeuille GCNCircuit Mario
97%
MK WiiSpécialeChâteau de Bowser
88%
MK8SpécialeChâteau de Bowser
88%
MK WiiEclair N64Château de Bowser
88%
MK WiiChampignonCircuit Luigi
84%
MK8SpécialeRoute Arc-en-Ciel
84%
MK WiiSpécialeRoute Arc-en-Ciel
84%
MK8Eclair N64Route Arc-en-Ciel
84%
MK WiiFleurSupermarché Coco
75%
MK WiiEtoileVolcan Grondant
75%
MK8Eclair WiiVolcan Grondant
75%
MK WiiChampignonGorge Champignon
72%
MK8Carapace wiiPrairie Meuh Meuh
72%
MK WiiChampignonPrairie Meuh Meuh
72%
MK WiiFleurMine Wario
69%
MK WiiChampignonUsine Toad
69%
MK WiiFleurPic DK
66%
MK WiiEtoileCap Koopa
63%
MK WiiEtoileCircuit Daisy
63%
MK WiiEtoileBois Vermeil
59%
MK WiiEclair GCNMontagne DK
56%
MK WiiFeuille N64Jungle DK
50%
MK WiiCarapace GCNPlage Peach
50%
MK WiiBanane GCNStade Waluigi
50%
MK WiiCarapace N64Autodrome Mario
44%
MK WiiFeuille DSDésert du Soleil
44%
MK WiiEclair DSJardin Peach
44%
MK WiiSpécialeRoute Clair de Lune
44%
MK WiiSpécialeRuines Sec Sec
44%
MK8Carapace N64Autoroute Toad
41%
MK WiiCarapace DSCascade Yoshi
41%
MK8Banane GCNDésert Sec Sec
41%
MK WiiBanane GBAPlage Maskass
41%
MK WiiBanane DSQuartier Delfino
41%
MK WiiEclair SNESCircuit Mario 3
34%
MK8EtoileClub Mario
34%
MK8EtoileDescente Givrée
34%
MK8Eclair 3DSEgout Piranha
34%
MK8Carapace DSPlage Cheep Cheep
34%
MK8Feuille DSStade Wario
34%
MK8ChampignonChampidrome
31%
MK8Banane SNESPlaine Donut 3
31%
MK8FleurPromenade Toad
31%
MK8Banane N64Autodrome Royal
28%
MK WiiFeuille GBAChâteau de Bowser 3
28%
MK8SpécialeDésert Toussec
28%
MK8Eclair DSHorloge Tic-Tac
28%
MK8Feuille 3DSPiste Musicale
28%
MK WiiBanane N64Royaume Sorbet
28%
MK8Feuille GCNRoyaume Sorbet
28%
MK8EtoileAéroport Azur
25%
MK8Banane 3DSForêt Tropicale DK
25%
MK8EtoileLagon Tourbillon
25%
MK WiiCarapace SNESVallée Fantôme 2
25%
MK8Feuille N64Vallée Yoshi
25%
MK8FleurManoir Trempé
22%
MK8ChampignonPiste aux délices
22%
MK8ChampignonParc Glougloop
19%
MK8FleurCascades Maskass
16%
MK8ChampignonTemple Thwomp
16%
MK8SpécialeVoie Céleste
16%

Distribution des résultats

Percentile par nombre de réponses

% des personnes avec chaque résultat

Votre développement - résultats

Vous n’avez pas pris ce quiz